Propuesta de acompañamiento de la escritura asociada a la actividad experimental / (Registro nro. 32610)
[ vista simple ]
| 000 -CABECERA | |
|---|---|
| campo fijo de control de longitud | 01512nab a2200265 4500 |
| 003 - IDENTIFICADOR DEL NÚMERO DE CONTROL | |
| campo de control | AR-RoBPED |
| 005 - FECHA Y HORADE LA ULTIMA TRANSACCION | |
| campo de control | 20260423111334.0 |
| 008 - ELEMENTOS DE LONGITUD FIJA--INFORMACION GENERAL | |
| campo fijo de control de longitud | 260423b |||||||| |||| 00| 0 spa d |
| 040 ## - FUENTE CATALOGADORA | |
| Centro catalogador/agencia de origen | AR-RoBPED |
| 041 ## - IDIOMA | |
| Código de idioma para texto/pista de sonido o título independiente | spa |
| 100 1# - ENCABEZAMIENTO PRINCIPAL--AUTOR PERSONAL | |
| Nombre de persona | Maturano, Carla Inés |
| 9 (RLIN) | 22573 |
| Función | Doctora en Ciencias de la Educación |
| 245 1# - TITULO | |
| Título | Propuesta de acompañamiento de la escritura asociada a la actividad experimental / |
| 260 ## - PUBLICACION | |
| Lugar | Buenos Aires : |
| Editor | Noveduc, |
| Fecha | 2024 |
| 300 ## - DESCRIPCION FISICA | |
| Extensión | 21-25 p. |
| 500 ## - NOTA GENERAL | |
| Nota general | Se relata una experiencia de acompañamiento de la escritura en Física, desarrollada con futuros docentes, quienes elaboraron protocolos, realizaron experimentos y escribieron informes de laboratorio. Se hizo un seguimiento personalizado de la escritura durante un cuatrimestre marcando aciertos y dificultades, con instancias de discusión grupal. Esta forma de trabajo contribuyó en la elaboración de propuestas experimentales organizadas, completas y significativas desde el punto de vista disciplinar. |
| 650 #7 - TERMINO DE MATERIA--CONTROLADO | |
| Término controlado | EXPERIENCIA PEDAGOGICA |
| 9 (RLIN) | 3265 |
| Término controlado | FORMACION DE DOCENTES |
| 9 (RLIN) | 1259 |
| Término controlado | ESCRITURA |
| 9 (RLIN) | 114 |
| Término controlado | PRACTICAS PEDAGOGICAS |
| 9 (RLIN) | 20430 |
| 700 1# - ENCABEZAMIENTO SECUNDARIO--AUTOR PERSONAL | |
| Nombre de persona | Rudolph, Carina A. |
| 9 (RLIN) | 28522 |
| Nombre de persona | Valverde, Sebastián N. |
| 9 (RLIN) | 30796 |
| Función | Estudiante avanzado del profesorado de Tecnología |
| 773 0# - DOCUMENTO FUENTE | |
| Host Biblionumber | 20414 |
| Host Itemnumber | 41866 |
| Place, publisher, and date of publication | Buenos Aires : Noveduc, 1993- |
| Título | Novedades Educativas |
| Record control number | (AR-RoBPED)20414 |
| International Standard Serial Number | 03283534 |
| 942 ## - ELEMENTOS KOHA | |
| Fuente de clasificación | Universal Decimal Classification |
| Koha tipo de ítem | Revistas |
| Clasificación | 37(05) |
| Signatura librística | Nov 86 N° 398 (Sept.2024) |
| Número Koha | k.32610 |
| 945 ## - PROCESAMIENTO DE LA INFORMACIÓN LOCAL | |
| Catalogador y fecha | mar 04/2026 |
No hay ítems disponibles.